なんとか - Statistics

General Stats
  • This quiz has been taken 96 times
  • The average score is 2 of 15
Answer Stats
Hint Answer % Correct
川を渡ること。 渡河
82%
都のうち。みやこ。 都下
35%
ロシア連邦東部、沿海地方の港湾都市。日本海の〇〇〇〇湾に面する不凍港を擁す。シベリア鉄道支線の終点。 ナホトカ
34%
霊長目の分類群の一つ。〇〇亜科とオランウータン亜科に分かれる。 ヒト科
24%
真実ではないのか、あるいは真実なのか。 うそかまことか
16%
とんでもないことに。けしからんことに。という意味の連語。 あろうことか
6%
日本の政治家。国民民主党所属の現職衆議院議員でかつての民主党副代表。〇より子。
6%
米国アラスカ州南東部の都市。アレクサンダー諸島のバラノフ島西岸に位置する。18世紀末にロシア人によって開かれ、毛皮の交易地として発展。漁業、林業が盛ん。 シトカ
3%
世渡りの危険なことのたとえ。四字熟語。 泥船渡河
3%
『大きい』という意味の福岡や長崎で用いられる方言。 ふとか
3%
砒素を含む化合物で、赤色・桃色・灰白色を呈する。単斜晶系の結晶。 コバルト華
1%
ロシア連邦西部、キーロフ州の州都であるキーロフの旧名。 ブヤトカ
0%
探知・捕捉・追尾・破壊評価。戦略ミサイルの発射から弾着までの間、目標を探知、追尾し、迎撃によって目標物が完全に破壊されたかを短時間で見いだすなどの技術研究。 サトカ
0%
『どうにか』という意味の和歌山の紀南で用いられる方言。 なっとか
0%
インド中央部、マディヤプラデシュ州にある岩陰遺跡。世界文化遺産。 ビンベットカ
0%
No matching quizzes found
Score Distribution
Percent of People with Each Score
Percentile by Number Answered
Your Score History
You have not taken this quiz